000 00446nam a2200205Ia 4500
001 13678
003 GE_BSU
008 181216s||||||||xx |||||||||||||| ||und||
020 _a0743484220
040 _cGE_BSU
080 _a821.111-3
100 _aClark,Mary Higgins.
245 _aYou belong to me.
260 _aLondon.
260 _bPocket Books.
260 _c1998
300 _a373p;18cm.
653 _aYou belong to me.
942 _cBK
999 _c46827
_d46827